| 000 | 00790nam a22002537a 4500 | ||
|---|---|---|---|
| 003 | CHAP | ||
| 005 | 20220329143627.0 | ||
| 008 | 101025s1988 us a r 00010 eng d | ||
| 010 | _a99536 | ||
| 011 | _a100508 | ||
| 035 | _a111194 | ||
| 040 | _cCHAP | ||
| 082 | 1 | 4 |
_a630 _bIn89 |
| 245 | 0 | 0 |
_aIntroduction to agricultural hedging : _bhome study course _c/por Chicago Board of Trade |
| 260 |
_aChicago, US : _bChicago Board of Trade, _cc1988 |
||
| 300 |
_a67 p. : _bilus., cuadros, gráfs. |
||
| 590 |
_aBATCH-UPD _b10 _c20130110 _lUCH01 _h2037 |
||
| 590 |
_aCONVERSION _b10 _c20130109 _lUCH01 _h1355 |
||
| 650 | 1 | 4 |
_aAgricultura. _91172 |
| 710 | 2 |
_aChicago Board of Trade _922260 |
|
| 901 | _aBK | ||
| 942 | _cLIBRO | ||
| 949 |
_a630 In89 _bBC _cLIBRO _d33724002134181 _eLIBRO _h113675 _i111194 _sb |
||
| 999 |
_c99536 _d99536 |
||